<?xml version="1.0" encoding="UTF-8"?>
<record
    xmlns:xsi="http://www.w3.org/2001/XMLSchema-instance"
    xsi:schemaLocation="http://www.loc.gov/MARC21/slim http://www.loc.gov/standards/marcxml/schema/MARC21slim.xsd"
    xmlns="http://www.loc.gov/MARC21/slim">

  <leader>04913nam a2200529   4500</leader>
  <controlfield tag="001">28696</controlfield>
  <controlfield tag="003">Biblioteca APEC</controlfield>
  <controlfield tag="005">20251014103516.0</controlfield>
  <controlfield tag="008">000000t2014    dr ||||| |||| 00| 0 spa d</controlfield>
  <datafield tag="040" ind1=" " ind2=" ">
    <subfield code="c">Biblioteca UNAPEC</subfield>
    <subfield code="a">Biblioteca UNAPEC</subfield>
    <subfield code="b">spa</subfield>
    <subfield code="e">rda</subfield>
  </datafield>
  <datafield tag="041" ind1=" " ind2=" ">
    <subfield code="a">spa</subfield>
  </datafield>
  <datafield tag="072" ind1=" " ind2=" ">
    <subfield code="a">Facultad de Humanidades</subfield>
  </datafield>
  <datafield tag="090" ind1=" " ind2=" ">
    <subfield code="a">TPG-CI EEM-01 2014</subfield>
  </datafield>
  <datafield tag="100" ind1="1" ind2=" ">
    <subfield code="a">Alfonseca Cordones, Celso I.</subfield>
    <subfield code="9">24054</subfield>
    <subfield code="e">autor</subfield>
  </datafield>
  <datafield tag="245" ind1="1" ind2="0">
    <subfield code="a">Variedades ling&#xFC;&#xED;sticas en canciones de la Rep&#xFA;blica Dominicana del g&#xE9;nero urbano y su incidencia en el habla de los estudiantes del nivel medio del municipio de Sabana Grande de Palenque en la actualidad /</subfield>
    <subfield code="c">Celso I. Alfonseca Cordones, Altagracia Mateo Cuevas ; asesor: Francisco Roque Rosario N&#xFA;&#xF1;ez</subfield>
  </datafield>
  <datafield tag="260" ind1=" " ind2=" ">
    <subfield code="a">Santo Domingo, DO :</subfield>
    <subfield code="b">Universidad APEC,</subfield>
    <subfield code="c">2014</subfield>
  </datafield>
  <datafield tag="300" ind1=" " ind2=" ">
    <subfield code="a">133 h.</subfield>
  </datafield>
  <datafield tag="336" ind1=" " ind2=" ">
    <subfield code="a">Texto</subfield>
    <subfield code="b">txt</subfield>
    <subfield code="2">rdacontent</subfield>
  </datafield>
  <datafield tag="337" ind1=" " ind2=" ">
    <subfield code="a">sin mediaci&#xF3;n</subfield>
    <subfield code="b">n</subfield>
    <subfield code="2">rdamedia</subfield>
  </datafield>
  <datafield tag="338" ind1=" " ind2=" ">
    <subfield code="a">volumen</subfield>
    <subfield code="b">nc</subfield>
    <subfield code="2">rdacarrier</subfield>
  </datafield>
  <datafield tag="500" ind1=" " ind2=" ">
    <subfield code="a">CAMPUS I</subfield>
  </datafield>
  <datafield tag="500" ind1=" " ind2=" ">
    <subfield code="a">Tesis en Formato PDF.
Tesis en Formato Electr&#xF3;nico.
Tesis en Formato Digital.</subfield>
  </datafield>
  <datafield tag="502" ind1=" " ind2=" ">
    <subfield code="a">Tesis (Especialidad en la Ense&#xF1;anza del Espa&#xF1;ol con aplicaci&#xF3;n a la Lengua Materna) - Universidad APEC, 2014</subfield>
  </datafield>
  <datafield tag="505" ind1=" " ind2=" ">
    <subfield code="a">ASPECTOS INTRODUCTORIOS
-Breve introducci&#xF3;n
-Hip&#xF3;tesis de partida
-Objetivos
-Estado de la cuesti&#xF3;n
-Dificultades
-Descripci&#xF3;n del trabajo
MARCO TEORICO
-Estado de la cuesti&#xF3;n (antecedentes)
-Breve historia y algunos datos del municipio Sabana Grande de Palenque
-Breve descripci&#xF3;n y rese&#xF1;a hist&#xF3;rica de los liceos Am&#xE9;rico P&#xE9;rez Tolentino y M&#xE9;lida Altagracia B&#xE1;ez
-Breves conceptos de ling&#xFC;&#xED;stica, lenguaje, lengua y habla
-Cuadro explicativo de las relaciones y diferencias entre lenguaje, lengua y habla
-Palabras y frases usuales en el espa&#xF1;ol dominicano urbano
-La m&#xFA;sica
-La m&#xFA;sica urbana y sus caracter&#xED;sticas
-Teor&#xED;as y comentarios sobre la influencia de las canciones del g&#xE9;nero urbano en el comportamiento de los j&#xF3;venes
ANALISIS DEL CORPUS
-Recogida de los datos e informaciones
-Metodolog&#xED;a aplicada
-An&#xE1;lisis y resultados
PROPUESTA DIDACTICA
-Recomendaciones generales
-Algunas actividades propuestas
Conclusiones</subfield>
  </datafield>
  <datafield tag="520" ind1=" " ind2=" ">
    <subfield code="a">RESUMEN: 
Busca identificar la diversidad que presenta la lengua en las canciones de g&#xE9;nero urbano y su incidencia en el habla de los estudiantes del nivel medio del municipio de Sabana Grande de Palenque, provincia San Cristobal. Se analizar&#xE1;n las principales composiciones de los exponentes m&#xE1;s destacados de este g&#xE9;nero. Tambi&#xE9;n determinaremos en qu&#xE9; medida los vocablos, expresiones y las variaciones de tipo fon&#xE9;ticas y morfosint&#xE1;cticas presentes en estas canciones inciden en el habla de estos j&#xF3;venes en la actualidad.
Este estudio consta de cuatro grandes cap&#xED;tulos. El primero, trata los aspectos introductorios, donde se exponen las diferentes hip&#xF3;tesis de partida, las razones que nos introdujeron a la elecci&#xF3;n de la problem&#xE1;tica investigada, los objetivos que nos planteamos frente al problema de investigaci&#xF3;n, la situaci&#xF3;n o estado de la cuesti&#xF3;n en los momentos actuales y en el lugar objeto de estudio y las dificultades o alcances y l&#xED;mites a que est&#xE1; sujeto esta investigaci&#xF3;n.
En el segundo, se abordan las teor&#xED;as que sirven de apoyo a nuestra investigaci&#xF3;n y los conceptos en los que nos basamos, tratando varios temas. El tercero, contiene el dise&#xF1;o metodol&#xF3;gico y las explicaciones sobre la recogida de los datos y t&#xE9;cnicas aplicadas. Tambi&#xE9;n contiene los resultados y an&#xE1;lisis de la investigaci&#xF3;n que se llevo a cabo. El cuarto, contine nuestra propuesta did&#xE1;ctica y recomendaciones generales para solucionar el problema de tipo socioling&#xFC;&#xED;stico encontrado en los hablantes j&#xF3;venes de los centros estudiados. Tambi&#xE9;n contiene las conclusiones que elaboramos al final de este estudio</subfield>
  </datafield>
  <datafield tag="650" ind1=" " ind2=" ">
    <subfield code="a">Ling&#xFC;&#xED;stica</subfield>
    <subfield code="z">Rep&#xFA;blica Dominicana</subfield>
    <subfield code="9">24055</subfield>
  </datafield>
  <datafield tag="650" ind1=" " ind2=" ">
    <subfield code="a">Lenguaje y lenguas</subfield>
    <subfield code="z">Rep&#xFA;blica Dominicana</subfield>
    <subfield code="9">24056</subfield>
  </datafield>
  <datafield tag="650" ind1=" " ind2=" ">
    <subfield code="a">Habla</subfield>
    <subfield code="x">Investigaciones</subfield>
    <subfield code="9">24057</subfield>
  </datafield>
  <datafield tag="650" ind1=" " ind2=" ">
    <subfield code="a">Ling&#xFC;&#xED;stica</subfield>
    <subfield code="x">Investigaciones</subfield>
    <subfield code="9">24058</subfield>
  </datafield>
  <datafield tag="650" ind1=" " ind2=" ">
    <subfield code="a">M&#xFA;sica</subfield>
    <subfield code="z">Rep&#xFA;blica Dominicana</subfield>
    <subfield code="9">15982</subfield>
  </datafield>
  <datafield tag="650" ind1=" " ind2=" ">
    <subfield code="a">Canciones</subfield>
    <subfield code="z">Rep&#xFA;blica Dominicana</subfield>
    <subfield code="9">24059</subfield>
  </datafield>
  <datafield tag="650" ind1=" " ind2=" ">
    <subfield code="a">Socioling&#xFC;&#xED;stica</subfield>
    <subfield code="x">Investigaciones</subfield>
    <subfield code="9">24060</subfield>
  </datafield>
  <datafield tag="650" ind1=" " ind2=" ">
    <subfield code="a">Geograf&#xED;a Ling&#xFC;&#xED;stica</subfield>
    <subfield code="9">24061</subfield>
  </datafield>
  <datafield tag="650" ind1=" " ind2=" ">
    <subfield code="a">Lenguaje y cultura</subfield>
    <subfield code="9">24062</subfield>
  </datafield>
  <datafield tag="650" ind1=" " ind2=" ">
    <subfield code="a">M&#xFA;sica popular</subfield>
    <subfield code="z">Rep&#xFA;blica Dominicana</subfield>
    <subfield code="9">24063</subfield>
  </datafield>
  <datafield tag="650" ind1=" " ind2=" ">
    <subfield code="a">M&#xFA;sica reggae</subfield>
    <subfield code="9">24064</subfield>
  </datafield>
  <datafield tag="650" ind1=" " ind2=" ">
    <subfield code="a">M&#xFA;sica rap</subfield>
    <subfield code="9">24065</subfield>
  </datafield>
  <datafield tag="650" ind1=" " ind2=" ">
    <subfield code="a">Etnolog&#xED;a</subfield>
    <subfield code="9">24066</subfield>
  </datafield>
  <datafield tag="650" ind1=" " ind2=" ">
    <subfield code="a">Antropolog&#xED;a urbana</subfield>
    <subfield code="9">24067</subfield>
  </datafield>
  <datafield tag="650" ind1=" " ind2=" ">
    <subfield code="a">Antropolog&#xED;a cultural</subfield>
    <subfield code="9">24068</subfield>
  </datafield>
  <datafield tag="650" ind1=" " ind2=" ">
    <subfield code="a">Espa&#xF1;ol</subfield>
    <subfield code="x">Ense&#xF1;anza</subfield>
    <subfield code="9">24069</subfield>
  </datafield>
  <datafield tag="700" ind1="1" ind2=" ">
    <subfield code="a">Mateo Cuevas, Altagracia</subfield>
    <subfield code="9">24070</subfield>
    <subfield code="e">autor</subfield>
  </datafield>
  <datafield tag="700" ind1="1" ind2=" ">
    <subfield code="a">Rosario N&#xFA;&#xF1;ez, Francisco Roque</subfield>
    <subfield code="e">asesor</subfield>
    <subfield code="9">71530</subfield>
  </datafield>
  <datafield tag="856" ind1=" " ind2=" ">
    <subfield code="u">https://bibliotecaunapec.blob.core.windows.net/tesis/TPG_CI_EEM_01_2014_TPG140360.pdf</subfield>
    <subfield code="y">Hacer clic para ver el PDF (24.0 MB). Trabajo de posgrado.</subfield>
  </datafield>
  <datafield tag="912" ind1=" " ind2=" ">
    <subfield code="a">AJRP</subfield>
  </datafield>
  <datafield tag="942" ind1=" " ind2=" ">
    <subfield code="2">ddc</subfield>
    <subfield code="c">TES</subfield>
  </datafield>
  <datafield tag="999" ind1=" " ind2=" ">
    <subfield code="c">14149</subfield>
    <subfield code="d">14149</subfield>
  </datafield>
</record>
